| 000 | 00540nam a2200157 a 4500 | ||
|---|---|---|---|
| 008 | 140929s1981 ||||||||||||||||| || u | ||
| 020 | _a0486671275 | ||
| 050 | _a624.5 IRV | ||
| 100 | _aIrvine, Max | ||
| 245 | 1 | 0 |
_aCable structures _cby Max Irvine |
| 260 |
_aNew York _bDover Publications, Inc _c1981 |
||
| 300 | _ax, 259 p.; ill | ||
| 650 | _aCABLE STRUCTURES | ||
| 650 | _aBRIDGES--SUSPENSION | ||
| 995 |
_aAMERICAN CORNER _e0106245 _FCBU-DAG HAMMARSKJOLD INSTITUTE LIBRARY _j624.5 IRV _M1 _UAVAILABLE _WSep 29, 2014 _y0106245 _ZAmerican Collection |
||
| 999 |
_c138 _d138 |
||